00893nam a22002297a 450000500170000001000230001702000260004003500140006603700090008008200110008910000250010024500500012525000060017526000490018127001190023030000200034950000740036970000100044394200250045399900190047895201660049720241211155740.0 aDEC24SC ENG-142972 a9789358706291c350.00 aEN-126504 bDBAD a00021 aKeshri, Anil 975012 aLucid General Knowledge 2024/cBy Anil Keshri a1 aNew DelhibS Chand and Company Limitedc2024 a A-27, 2nd Floor, Mohan Co-operative Industrial EstatebNew Delhie110044minfo@schandpublishing.comk011-49731800 a424p.c26cm(pb) aFor every Indian Citizen | NCERT With Important Facts | Maps & Images 975009 2ddccENh000mKESe1 c207609d207609 001040708NFICaZLSbZLSd2024-12-11eDelivery of Books Divisiong350.00l10m8o000 KESpEN-126504r2026-05-02 11:41:24s2026-04-18t1v350.00w2024-12-11yEN